00762nam a2200181 a 4500003000200000005001700002008004100019050003100060100002700091245016000118260009000278300002300368504004100391650002400432650002200456650005200478650005000530020250213094408.0130129s19uu xx 00 eng d aPHS VK 1401.P5b.T245 2012 aTaylor, Paul Norris P. aA sociopolitical historical investigation of 18th century piracy in the Caribbean Sea and 21st century piracy in the Indian Ocean /cPaul Norris P. Taylor. aLas Piñas City, Philippines :bSouthville International School and Colleges,c2012. a25 pages ;c28 cm. aIncludes bibliographical references. aPiratesxInfluence. aPiratesxHistory. aPirateszCaribbean AreaxHistoryy18th century. aPirateszIndian OceanxHistoryy21st century.